Para ser humanos necesitamos ser libres /

El trabajo es una necesidad interna del ser humano y es que el trabajo como actividad libre y consciente, es una forma de realización humana. Nos hemos transformado en depredadores de toda forma de vida. Si no transformamos esta forma histórica de sociedad, corremos el peligro de no tener historia,...

Olles dieđut

Furkejuvvon:
Bibliográfalaš dieđut
Váldodahkki: Montoya, Aquiles
Materiálatiipa: Texto
Fáttát:
Fáddágilkorat: Lasit fáddágilkoriid
Eai fáddágilkorat, Lasit vuosttaš fáddágilkora!

MARC

LEADER 00000 a a2200000 04500
001 13290
003
040
100 |a Montoya, Aquiles  
245 |a Para ser humanos necesitamos ser libres /  |c Aquiles Montoya 
520 |a El trabajo es una necesidad interna del ser humano y es que el trabajo como actividad libre y consciente, es una forma de realización humana. Nos hemos transformado en depredadores de toda forma de vida. Si no transformamos esta forma histórica de sociedad, corremos el peligro de no tener historia, porque ya no habría seres humanos  
650 |a LIBERTAD  
650 |a TRABAJO  
650 |a CAPITALISMO  
773 |g número 115; páginas 121-132  
999 |c 39435  |d 39435